Sản phẩm phái sinh và quản trị rủi ro tài chính An introduction to derivatives and risk management

Gorde:
Xehetasun bibliografikoak
Egile nagusia: Don M.Chance Robert Books
Formatua: Liburua
Argitaratua: Singapore Cengage Learning 2015
Edizioa:9th edition
Etiketak: Etiketa erantsi
Etiketarik gabe, Izan zaitez lehena erregistro honi etiketa jartzen!
Thư viện lưu trữ: Trung tâm Học liệu Lê Vũ Hùng, Trường Đại học Đồng Tháp
LEADER 00661pam a22001818a 4500
001 00039575
005 20171026081025.0
008 170519s2015 ||||||Viesd
041 0 # |a Vie 
082 1 4 |a 658  |b S105PH 
100 1 # |a Don M.Chance Robert Books 
245 1 0 |a Sản phẩm phái sinh và quản trị rủi ro tài chính  |b An introduction to derivatives and risk management  |c Don M.Chance Robert Books 
250 # # |a 9th edition 
260 # # |a Singapore  |b Cengage Learning  |c 2015 
300 # # |a 853 tr.  |c 24 cm 
852 # # |b Kho đọc  |j KD.1002619 
910 |d 19/05/2017 
980 # # |a Trung tâm Học liệu Lê Vũ Hùng, Trường Đại học Đồng Tháp